000 01090nam0a22002651 4500
001 v19\rc\2074461
005 20260405164731.0
035 _a(NLR Aleph) 005171565
090 _a5073833
_c5073833
100 _a20081218d1917 |||y0rusy50 ca
101 0 _arus
102 _aRU
105 _ay z |||||
200 1 _aК новой жизни
210 _aПетроград
_cизд. Фонд освобожденная Россия
_d1917
215 _a1 с.
423 0 _11010#$arus
_12001#$aПервые шаги$e№ 3
_1700#1$aИзгоев$bА.С.$f1872-1935$gАлександр Соломонович$3RU\NLR\AUTH\7716147
_tПервые шаги
_aИзгоев, Александр Соломонович (1872-1935)
700 1 _8rus
_7ca
_aАрсеньев
_bК. К.
_f1837-1919
_gКонстантин Константинович
_3RU\NLR\AUTH\7770656
_953584
801 0 _aRU
_bNLR
_gpsbo
801 1 _aRU
_bProSoft-M
_2rusmarc
830 _aИсточник: Книжная летопись 1917 г. № 4199
852 _aNLR
_jDesideratum
942 _cBOOK
980 _aNB